书目信息 |
| 题名: |
在废墟上重新起步
|
|
| 作者: | 阿森 , 纳生·阿森 著 ;陈天舒 译 | |
| 分册: | ||
| 出版信息: | 长春 吉林人民出版社 2005 |
|
| 页数: | 68页 | |
| 开本: | 20cm | |
| 丛书名: | 美利坚《教你创业》丛书 | |
| 单 册: | ||
| 中图分类: | F279.712.3 | |
| 科图分类: | ||
| 主题词: | 工商企业--企业管理--经验--美国 , 工商企业 , 企业管理 | |
| 电子资源: | ||
| ISBN: | 7-206-03408-X | |
| 000 | 01218oam2 2200325 45 | |
| 001 | 012005200241 | |
| 005 | 20061218145228.71 | |
| 010 | @a7-206-03408-X@dCNY8.00 | |
| 092 | @aCN@b471164 | |
| 100 | @a20051010d2005 em y0chiy0121 ea | |
| 101 | 1 | @achi@ceng |
| 102 | @aCN@b220000 | |
| 105 | @aac z 000yc | |
| 200 | 1 | @a在废墟上重新起步@Azai fei xu shang chong xin qi bu@e从破产边缘走向成功@f(美)纳生·阿森著@F(mei)na sheng·a sen zhu@g陈天舒译@Gchen tian shu yi |
| 210 | @a长春@c吉林人民出版社@d2005 | |
| 215 | @a68页@c图,肖像@d20cm | |
| 225 | 2 | @a美利坚《教你创业》丛书 |
| 300 | @a荣膺美国图联书评荣誉奖 号角图书奖 美国图书馆年鉴奖等多项大奖 | |
| 330 | @a书中没有多讲大道理,说的都是著名公司、著名产品、大发明家、大企业家的真实故事,又是从他们创业之初说起的。 | |
| 461 | 0 | @12001 @a美利坚《教你创业》丛书 |
| 517 | 1 | @a从破产边缘走向成功@9cong po chan bian yuan zou xiang cheng gong |
| 606 | 0 | @a工商企业@x企业管理@x经验@y美国 |
| 606 | 0 | @a工商企业 |
| 606 | 0 | @a企业管理 |
| 690 | @aF279.712.3@v4 | |
| 701 | 1 | @a阿森@9a sen@b纳生@4著 |
| 701 | 0 | @a纳生·阿森@Ana sheng·a sen@4著 |
| 702 | 0 | @a陈天舒@Achen tian shu@4译 |
| 801 | 0 | @aCN@bLZJBOOK@c20061218 |
| 905 | @a10447@dF279.712.3@e365:4 | |
| 在废墟上重新起步:从破产边缘走向成功/(美)纳生·阿森著/陈天舒译.-长春:吉林人民出版社,2005 |
| 68页:图,肖像;20cm.-(美利坚《教你创业》丛书) |
| 荣膺美国图联书评荣誉奖 号角图书奖 美国图书馆年鉴奖等多项大奖 |
| ISBN 7-206-03408-X:CNY8.00 |
| 书中没有多讲大道理,说的都是著名公司、著名产品、大发明家、大企业家的真实故事,又是从他们创业之初说起的。 |
| ● |
| 相关链接 |
|
|
|
|
正题名:在废墟上重新起步
索取号:F279.712.3/365:4
 
预约/预借
| 序号 | 登录号 | 条形码 | 馆藏地/架位号 | 状态 | 备注 |
| 1 | 0555993 | 205559938 | 第一样本阅览室/ [索取号:F279.712.3/365:4] | 在馆 | |
| 2 | 0555994 | 205559947 | 第一借阅区/ [索取号:F279.712.3/365:4] | 在馆 | |
| 3 | 0555995 | 205559956 | 密集书库/ [索取号:F279.712.3/365:4] | 在馆 | |
| 4 | 0555996 | 205559965 | 密集书库/ [索取号:F279.712.3/365:4] | 在馆 | |
| 5 | 0555997 | 205559974 | 密集书库/ [索取号:F279.712.3/365:4] | 在馆 | |
| 6 | 0555998 | 205559983 | 第一借阅区/ [索取号:F279.712.3/365:4] | 在馆 | |
| 7 | 0555999 | 205559992 | 密集书库/ [索取号:F279.712.3/365:4] | 在馆 | |
| 8 | 0556000 | 205560007 | 第一借阅区/ [索取号:F279.712.3/365:4] | 在馆 |